| 000 | 00548 a2200181 4500 | ||
|---|---|---|---|
| 003 | OSt | ||
| 005 | 20231208111023.0 | ||
| 008 | 231208b |||||||| |||| 00| 0 eng d | ||
| 020 | _a9789394753112 | ||
| 040 | _coclc | ||
| 082 |
_a894.8129 _bSET/B |
||
| 100 |
_aSetalvad, Teesta _910093 |
||
| 245 |
_aBharanaghadanayude Kavalal Ormakurippukal / _cTeesta Setalvad |
||
| 250 | _a2nd ed. | ||
| 260 |
_aThiruvananthapuram: _bChintha Publishers, _c2023. |
||
| 300 | _a236p. | ||
| 942 |
_2ddc _cBK _h894.8129 _iSET/B _k894.8129 _mSET/B |
||
| 999 |
_c44050 _d44050 |
||